000 00283nam a22001337a 4500
008 190129b xxu||||| |||| 00| 0 eng d
020 _a9780898622201
041 _aeng
080 _a159.9
100 _a49
101 _aPSI
245 _aTreating PTSD
_cFoy, D.W
942 _2udc
_cBK
999 _c53895
_d53895